<?xml version="1.0" encoding="UTF-8"?>
<record
    xmlns:xsi="http://www.w3.org/2001/XMLSchema-instance"
    xsi:schemaLocation="http://www.loc.gov/MARC21/slim http://www.loc.gov/standards/marcxml/schema/MARC21slim.xsd"
    xmlns="http://www.loc.gov/MARC21/slim">

  <leader>00984nam0a22002411  4500</leader>
  <controlfield tag="001">rc\2856067</controlfield>
  <controlfield tag="005">20250529205504.0</controlfield>
  <datafield tag="035" ind1=" " ind2=" ">
    <subfield code="a">(NLR Aleph) 007010651</subfield>
  </datafield>
  <datafield tag="090" ind1=" " ind2=" ">
    <subfield code="a">5810922</subfield>
    <subfield code="c">5810922</subfield>
  </datafield>
  <datafield tag="100" ind1=" " ind2=" ">
    <subfield code="a">20110707d1932    |||y0rusy50      ca</subfield>
  </datafield>
  <datafield tag="101" ind1="0" ind2=" ">
    <subfield code="a">rus</subfield>
  </datafield>
  <datafield tag="102" ind1=" " ind2=" ">
    <subfield code="a">RU</subfield>
  </datafield>
  <datafield tag="105" ind1=" " ind2=" ">
    <subfield code="a">a   z   |||||</subfield>
  </datafield>
  <datafield tag="200" ind1="1" ind2=" ">
    <subfield code="a">&#x41E;&#x431;&#x435;&#x441;&#x43F;&#x435;&#x447;&#x435;&#x43D;&#x438;&#x435; &#x441;&#x440;&#x435;&#x434;&#x441;&#x442;&#x432;&#x430;&#x43C;&#x438; &#x412;&#x412;&#x421; &#x442;&#x430;&#x43A;&#x442;&#x438;&#x447;&#x435;&#x441;&#x43A;&#x43E;&#x433;&#x43E; &#x438;&#x441;&#x43F;&#x43E;&#x43B;&#x44C;&#x437;&#x43E;&#x432;&#x430;&#x43D;&#x438;&#x44F; &#x43C;&#x430;&#x43D;&#x435;&#x432;&#x440;&#x435;&#x43D;&#x43D;&#x44B;&#x445; &#x441;&#x43E;&#x435;&#x434;&#x438;&#x43D;&#x435;&#x43D;&#x438;&#x439; &#x43F;&#x43E;&#x434;&#x432;&#x43E;&#x434;&#x43D;&#x44B;&#x445; &#x43B;&#x43E;&#x434;&#x43E;&#x43A;</subfield>
    <subfield code="f">&#x421;&#x442;&#x43E;&#x43B;&#x44F;&#x440;&#x441;&#x43A;&#x438;&#x439;, &#x421;.</subfield>
  </datafield>
  <datafield tag="210" ind1=" " ind2=" ">
    <subfield code="a">&#x41B;&#x435;&#x43D;&#x438;&#x43D;&#x433;&#x440;&#x430;&#x434;</subfield>
    <subfield code="c">&#x423;&#x43F;&#x440;. &#x432;&#x43E;&#x435;&#x43D;. &#x43C;&#x43E;&#x440;&#x441;&#x43A;&#x438;&#x445; &#x441;&#x438;&#x43B; &#x420;&#x41A;&#x41A;&#x410;</subfield>
    <subfield code="d">1932</subfield>
    <subfield code="g">&#x442;&#x438;&#x43F;. &#x413;&#x438;&#x434;&#x440;. &#x443;&#x43F;&#x440;.</subfield>
  </datafield>
  <datafield tag="215" ind1=" " ind2=" ">
    <subfield code="a">&#x41E;&#x431;&#x43B;., 18 &#x441;.</subfield>
    <subfield code="c">&#x447;&#x435;&#x440;&#x442;.</subfield>
    <subfield code="d">22&#x445;16 &#x441;&#x43C;</subfield>
  </datafield>
  <datafield tag="300" ind1=" " ind2=" ">
    <subfield code="a">&#x41E;&#x442;&#x434;. &#x43E;&#x442;&#x442;. &#x438;&#x437; &#x436;&#x443;&#x440;&#x43D;. "&#x41C;&#x43E;&#x440;&#x441;&#x43A;&#x43E;&#x439; &#x441;&#x431;&#x43E;&#x440;&#x43D;&#x438;&#x43A;" &#x2116; 11-1932 &#x433;.</subfield>
  </datafield>
  <datafield tag="700" ind1=" " ind2="1">
    <subfield code="a">&#x421;&#x442;&#x43E;&#x43B;&#x44F;&#x440;&#x441;&#x43A;&#x438;&#x439;</subfield>
    <subfield code="b">&#x421;.&#x42D;.</subfield>
    <subfield code="g">&#x421;&#x442;&#x430;&#x43D;&#x438;&#x441;&#x43B;&#x430;&#x432; &#x42D;&#x434;&#x443;&#x430;&#x440;&#x434;&#x43E;&#x432;&#x438;&#x447;</subfield>
  </datafield>
  <datafield tag="801" ind1=" " ind2="0">
    <subfield code="a">RU</subfield>
    <subfield code="b">NLR</subfield>
    <subfield code="g">psbo</subfield>
  </datafield>
  <datafield tag="801" ind1=" " ind2="1">
    <subfield code="a">RU</subfield>
    <subfield code="b">ELAR</subfield>
    <subfield code="2">rusmarc</subfield>
  </datafield>
  <datafield tag="852" ind1=" " ind2=" ">
    <subfield code="a">NLR</subfield>
    <subfield code="j">33-10/531</subfield>
  </datafield>
  <datafield tag="942" ind1=" " ind2=" ">
    <subfield code="c">BOOK</subfield>
  </datafield>
  <datafield tag="980" ind1=" " ind2=" ">
    <subfield code="a">NB</subfield>
  </datafield>
  <datafield tag="995" ind1=" " ind2=" ">
    <subfield code="5">2013-10-26</subfield>
    <subfield code="b">NLR02</subfield>
    <subfield code="c">NLR02</subfield>
    <subfield code="e">RFS</subfield>
    <subfield code="f">7010651-10</subfield>
    <subfield code="k">33-10/531</subfield>
    <subfield code="o">0</subfield>
    <subfield code="r">BOOK</subfield>
    <subfield code="s">3310531_</subfield>
  </datafield>
</record>
